000 00425nam a22001697a 4500
003 MACL
005 20160203130243.0
008 160203b xxu||||| |||| 00| 0 eng d
040 _cMACL
041 _aEnglish
082 _a300/PAR
100 _aParihar,A.K.S.
_936559
245 _aMahatma Gandhi and His Social Work
260 _aNew Delhi
_bSwastik Publications
_c2014
650 _aSocial Work
_936560
942 _2ddc
_cBK
999 _c53029
_d53029